[Event "SLO-chT 32nd"]
[Site "Ljubljana"]
[Date "2022.09.10"]
[Round "5.5"]
[White "Ivanusa, Blaz"]
[Black "Novak, Rok"]
[Result "0-1"]
[WhiteElo "2054"]
[BlackElo "1763"]
[PlyCount "110"]
[EventDate "2022.09.02"]
[EventType "team-tourn"]
[EventRounds "9"]
[EventCountry "SLO"]
[SourceTitle "EXT 2023"]
[Source "ChessBase"]
[SourceDate "2022.10.05"]
[SourceVersion "1"]
[SourceVersionDate "2022.10.05"]
[SourceQuality "1"]
[WhiteTeam "Trebnje BMP"]
[BlackTeam "Celje"]
[WhiteTeamCountry "SLO"]
[BlackTeamCountry "SVK"]

1. Nf3 d5 2. c4 e6 3. g3 dxc4 4. Qa4+ Bd7 5. Qxc4 c5 6. Bg2 Nc6 7. 0-0 b5 8. Qc2 Rc8 9. d3 h6 10. a4 b4 11. Nbd2 Nf6 12. Nc4 Be7 13. Bf4 0-0 14. Nd6 Ra8 15. Nc4 Nd5 16. Bd6 Rc8 17. Rfd1 Nb6 18. b3 Nxc4 19. dxc4 Bxd6 20. Rxd6 Qe7 21. Rad1 Rfd8 22. R6d2 Be8 23. e3 Rxd2 24. Rxd2 Rd8 25. h4 Rxd2 26. Nxd2 Qf6 27. Ne4 Qe7 28. f4 Na5 29. Nd2 Qf6 30. Bf3 Qc3 31. Be4 Qxe3+ 32. Kg2 Bc6 33. Bxc6 Nxc6 34. Nf3 Na5 35. Qd2 Qxd2+ 36. Nxd2 f5 37. Kf3 Nc6 38. g4 Nd4+ 39. Kg3 Kf7 40. gxf5 exf5 41. h5 g6 42. Kh4 Ne2 43. hxg6+ Kxg6 44. Nf3 Nxf4 45. Ne5+ Kg7 46. a5 Ne6 47. Nc6 a6 48. Nb8 Nc7 49. Nd7 Ne6 50. Nb8 Kf6 51. Nxa6 Ke5 52. Nb8 Kd6 53. a6 Kc7 54. a7 Kb7 55. Nc6 Nd4 0-1

[Event "SLO-chT 32nd"]
[Site "Ljubljana"]
[Date "2022.09.03"]
[Round "2.3"]
[White "Gruskovnjak, Tomislav"]
[Black "Ivanusa, Blaz"]
[Result "1/2-1/2"]
[WhiteElo "2279"]
[BlackElo "2054"]
[PlyCount "71"]
[EventDate "2022.09.02"]
[EventType "team-tourn"]
[EventRounds "9"]
[EventCountry "SLO"]
[SourceTitle "EXT 2023"]
[Source "ChessBase"]
[SourceDate "2022.10.05"]
[SourceVersion "1"]
[SourceVersionDate "2022.10.05"]
[SourceQuality "1"]
[WhiteTeam "Murska Sobota Pomgrad"]
[BlackTeam "Trebnje BMP"]
[WhiteTeamCountry "SLO"]
[BlackTeamCountry "SLO"]

1. e4 e6 2. d4 d5 3. exd5 exd5 4. Nf3 Nc6 5. Bd3 Bg4 6. c3 Qd7 7. h3 Bh5 8. Be3 Bd6 9. Nbd2 Nge7 10. Qc2 Bg6 11. 0-0-0 0-0-0 12. Nh4 Bxd3 13. Qxd3 Kb8 14. f4 Ng6 15. Nxg6 hxg6 16. Rdf1 Rde8 17. Nf3 Qf5 18. Qxf5 gxf5 19. Kd2 Re7 20. Kd3 Kc8 21. g4 fxg4 22. hxg4 Ree8 23. Ne5 Rxh1 24. Rxh1 Bxe5 25. fxe5 Kd7 26. Rh7 Rg8 27. b3 Ke6 28. Bd2 b5 29. Rh1 f6 30. exf6 gxf6 31. Rg1 Ne7 32. g5 fxg5 33. Bxg5 Kd7 34. a4 a6 35. axb5 axb5 36. Be3 1/2-1/2

[Event "SLO-chT1 West"]
[Site "Ljubljana"]
[Date "2012.09.30"]
[Round "6.4"]
[White "Ivanusa, Blaz"]
[Black "Suc, Timothy"]
[Result "1-0"]
[WhiteElo "2090"]
[BlackElo "2135"]
[PlyCount "71"]
[EventDate "2012.09.21"]
[EventType "team-tourn"]
[EventRounds "9"]
[EventCountry "SLO"]
[SourceTitle "EXT 2022"]
[Source "ChessBase"]
[SourceDate "2021.10.06"]
[SourceVersion "1"]
[SourceVersionDate "2021.10.06"]
[SourceQuality "1"]
[WhiteTeam "Trebnje BMP"]
[BlackTeam "Piran"]
[WhiteTeamCountry "SLO"]
[BlackTeamCountry "SLO"]

1. Nf3 d5 2. g3 Nf6 3. Bg2 e6 4. 0-0 Be7 5. c4 c5 6. cxd5 exd5 7. d4 Nc6 8. dxc5 Bxc5 9. a3 0-0 10. b4 Bb6 11. Bb2 Re8 12. Nc3 Bf5 13. Na4 Bc7 14. Rc1 Ne5 15. Nxe5 Bxe5 16. Bxe5 Rxe5 17. e3 Be4 18. Qd4 Re7 19. Rfd1 Qe8 20. Nc3 Rd7 21. f3 Bg6 22. Nb5 Rad8 23. Nxa7 Rd6 24. Bf1 Qa4 25. Rc3 b6 26. Nc8 Re6 27. Bh3 Ree8 28. Nxb6 Qa6 29. Bf1 Qb7 30. a4 h5 31. a5 h4 32. Rdc1 hxg3 33. hxg3 Re6 34. Rc7 Qb8 35. Kf2 Bh5 36. Rc8 1-0

[Event "Ljubljana-chT 65th Superliga"]
[Site "Ljubljana"]
[Date "2012.01.26"]
[Round "3.1"]
[White "Guid, Matej"]
[Black "Ivanusa, Blaz"]
[Result "0-1"]
[WhiteElo "2315"]
[BlackElo "2100"]
[PlyCount "68"]
[EventDate "2012.01.12"]
[EventType "team-tourn"]
[EventRounds "9"]
[EventCountry "SLO"]
[SourceTitle "EXT 2022"]
[Source "ChessBase"]
[SourceDate "2021.10.06"]
[SourceVersion "1"]
[SourceVersionDate "2021.10.06"]
[SourceQuality "1"]
[WhiteTeam "Mentor"]
[BlackTeam "Klinicni Center II"]
[WhiteTeamCountry "SLO"]
[BlackTeamCountry "SLO"]

1. d4 e6 2. e4 d5 3. Nd2 Nf6 4. e5 Nfd7 5. Bd3 c5 6. c3 Nc6 7. Ngf3 cxd4 8. cxd4 f6 9. exf6 Nxf6 10. 0-0 Bd6 11. Re1 0-0 12. Nb3 Qc7 13. Bg5 Bd7 14. Rc1 Rae8 15. Bh4 Nh5 16. Ng5 Bxh2+ 17. Kh1 Nf6 18. g3 h6 19. Kxh2 hxg5 20. Bxg5 e5 21. f3 Qd6 22. Bf1 Nh5 23. f4 Nxg3 24. Rxc6 Nxf1+ 25. Rxf1 bxc6 26. fxe5 Rxf1 27. Qxf1 Qg6 28. Qg2 Rf8 29. Nc5 Rf5 30. Bh4 Qh5 31. Qg3 Rf3 32. Nxd7 Rxg3 33. Kxg3 Qg6+ 34. Kh2 Qg4 0-1

[Event "SLO-CupT"]
[Site "Slovenia"]
[Date "2011.09.04"]
[Round "5"]
[White "Ivanusa, Blaz"]
[Black "Plaskan, Jure"]
[Result "0-1"]
[WhiteElo "2076"]
[BlackElo "2145"]
[PlyCount "66"]
[EventDate "2011.03.06"]
[EventType "team-swiss"]
[EventRounds "5"]
[EventCountry "SLO"]
[SourceTitle "EXT 2019"]
[Source "ChessBase"]
[SourceDate "2018.10.10"]
[SourceVersion "1"]
[SourceVersionDate "2018.10.10"]
[SourceQuality "1"]
[WhiteTeam "Trebnje BMP"]
[BlackTeam "Domzale"]
[WhiteTeamCountry "SLO"]
[BlackTeamCountry "SLO"]

1. d4 Nf6 2. Bg5 d5 3. Bxf6 exf6 4. e3 f5 5. Ne2 Bd6 6. g3 0-0 7. Bg2 c6 8. Nd2 Nd7 9. c4 dxc4 10. Nxc4 Bb4+ 11. Nc3 Nb6 12. Nxb6 Qxb6 13. 0-0 Be6 14. Na4 Qb5 15. a3 Be7 16. b4 a5 17. Nc5 Bc4 18. Re1 Rfd8 19. Qc2 Bxc5 20. bxc5 Bd3 21. Qc3 a4 22. Bf1 Bxf1 23. Rxf1 Qe2 24. Qe1 Qg4 25. Qd1 Qe4 26. Qb1 Qf3 27. Qxb7 f4 28. exf4 Rab8 29. Qc7 Rbc8 30. Qe5 Qc3 31. Rfd1 Re8 32. Qf5 Rcd8 33. Qd3 Re1+ 0-1

[Event "SLO-chT1 West"]
[Site "Ljubljana"]
[Date "2010.09.26"]
[Round "3.4"]
[White "Guid, Matej"]
[Black "Ivanusa, Blaz"]
[Result "1-0"]
[WhiteElo "2302"]
[BlackElo "2010"]
[PlyCount "59"]
[EventDate "2010.09.24"]
[EventType "team-tourn"]
[EventRounds "9"]
[EventCountry "SLO"]
[SourceTitle "CBM 138 Extra"]
[Source "ChessBase"]
[SourceDate "2010.10.29"]
[SourceVersion "1"]
[SourceVersionDate "2010.10.29"]
[SourceQuality "1"]
[WhiteTeam "Ljubljana Vidmar"]
[BlackTeam "Trebnje BMP"]
[WhiteTeamCountry "SLO"]
[BlackTeamCountry "SLO"]

1. e4 e6 2. d4 d5 3. Nd2 Nf6 4. e5 Nfd7 5. Bd3 c5 6. c3 Nc6 7. Ngf3 f5 8. exf6 Nxf6 9. 0-0 cxd4 10. cxd4 Bd6 11. Re1 0-0 12. Nb3 Qb6 13. Bg5 h6 14. Bh4 a5 15. a4 Ng4 16. Bb5 Bb4 17. Re2 Na7 18. Bd3 Nc6 19. Bb1 Qc7 20. Bg3 Qf7 21. Nh4 Ne7 22. Rc2 g5 23. Qxg4 e5 24. Rxc8 Raxc8 25. dxe5 Rc4 26. f4 Kh8 27. Nf3 Rg8 28. Qh3 h5 29. e6 Qe8 30. fxg5 1-0

[Event "SLO-chT1 West"]
[Site "Ljubljana"]
[Date "2010.09.25"]
[Round "2.4"]
[White "Ivanusa, Blaz"]
[Black "Marinc, Damir"]
[Result "1-0"]
[WhiteElo "2010"]
[BlackElo "2037"]
[PlyCount "85"]
[EventDate "2010.09.24"]
[EventType "team-tourn"]
[EventRounds "9"]
[EventCountry "SLO"]
[SourceTitle "CBM 138 Extra"]
[Source "ChessBase"]
[SourceDate "2010.10.29"]
[SourceVersion "1"]
[SourceVersionDate "2010.10.29"]
[SourceQuality "1"]
[WhiteTeam "Trebnje BMP"]
[BlackTeam "Kocevje"]
[WhiteTeamCountry "SLO"]
[BlackTeamCountry "SLO"]

1. d4 Nf6 2. Bg5 Ne4 3. Bf4 c5 4. f3 Qa5+ 5. c3 Nf6 6. Nd2 cxd4 7. Nb3 Qf5 8. Bxb8 Rxb8 9. Qxd4 b6 10. e4 Qe6 11. Nh3 Qc6 12. e5 Nd5 13. Bd3 e6 14. Be4 Qb5 15. Bxd5 exd5 16. 0-0-0 Bb7 17. Nf4 Bc5 18. Qd3 Qa4 19. Nxd5 0-0 20. Kb1 Ba6 21. Qf5 g6 22. Nxc5 Qxd1+ 23. Rxd1 gxf5 24. Nxd7 Rbd8 25. Kc2 Bc4 26. N5f6+ Kg7 27. Nxf8 Rxf8 28. f4 Be6 29. Rd3 h6 30. Rg3+ Kh8 31. b3 b5 32. Rd3 Rc8 33. Rd6 Kg7 34. Kd3 Kg6 35. Kd4 h5 36. Nd7 Rc7 37. Nc5 Re7 38. Nxe6 fxe6 39. Kc5 Rc7+ 40. Rc6 Rd7 41. Rxe6+ Kg7 42. Rd6 Rb7 43. Kc6 1-0

[Event "Ljubljana-chT 63rd Superliga"]
[Site "Ljubljana"]
[Date "2010.03.11"]
[Round "8.4"]
[White "Perovsek, Milan"]
[Black "Ivanusa, Blaz"]
[Result "0-1"]
[WhiteElo "1800"]
[BlackElo "2002"]
[PlyCount "79"]
[EventDate "2010.01.07"]
[EventType "team-tourn"]
[EventRounds "9"]
[EventCountry "SLO"]
[SourceTitle "EXT 2022"]
[Source "ChessBase"]
[SourceDate "2021.10.06"]
[SourceVersion "1"]
[SourceVersionDate "2021.10.06"]
[SourceQuality "1"]
[WhiteTeam "Visnja Gora Sticna"]
[BlackTeam "Farmacija"]
[WhiteTeamCountry "SLO"]
[BlackTeamCountry "SLO"]

1. e4 e6 2. d4 d5 3. Nc3 Bb4 4. e5 c5 5. a3 Bxc3+ 6. bxc3 Ne7 7. Bb5+ Bd7 8. Bxd7+ Nxd7 9. Ne2 Qa5 10. 0-0 Qa4 11. Ng3 Rc8 12. Rb1 b6 13. Rb3 0-0 14. Re1 cxd4 15. cxd4 Qc4 16. c3 Ng6 17. Bd2 Qa4 18. Qb1 Nb8 19. Rb4 Qxa3 20. Qa1 Qxa1 21. Rxa1 Nc6 22. Rba4 Na5 23. Rb1 Rc4 24. Ra3 Rfc8 25. Nf1 Ne7 26. Ne3 R4c7 27. g4 f5 28. gxf5 Nxf5 29. Nxf5 exf5 30. Bc1 Nc4 31. Ra4 Kf7 32. Ra6 f4 33. Kg2 Ke6 34. Rba1 Ra8 35. Kf3 g5 36. Kg4 Rg7 37. R1a2 Rh8 38. Rxa7 h5+ 39. Kf3 Rgh7 40. Ra8 0-1

[Event "Ljubljana-chT 63rd Superliga"]
[Site "Ljubljana"]
[Date "2010.01.29"]
[Round "4.4"]
[White "Hiti, Domen"]
[Black "Ivanusa, Blaz"]
[Result "1/2-1/2"]
[WhiteElo "1924"]
[BlackElo "2002"]
[PlyCount "113"]
[EventDate "2010.01.07"]
[EventType "team-tourn"]
[EventRounds "9"]
[EventCountry "SLO"]
[SourceTitle "EXT 2022"]
[Source "ChessBase"]
[SourceDate "2021.10.06"]
[SourceVersion "1"]
[SourceVersionDate "2021.10.06"]
[SourceQuality "1"]
[WhiteTeam "Ig"]
[BlackTeam "Klinicni Center"]
[WhiteTeamCountry "SLO"]
[BlackTeamCountry "SLO"]

1. d4 e6 2. c4 f5 3. Nc3 Nf6 4. Nf3 Bb4 5. e3 b6 6. Bd3 Bb7 7. 0-0 0-0 8. Nd2 d6 9. Qc2 Nbd7 10. Ne2 Bxd2 11. Bxd2 Ne4 12. Be1 Qg5 13. Nf4 Rae8 14. d5 e5 15. Ne6 Rxe6 16. f4 Qg6 17. dxe6 Qxe6 18. Rd1 Nec5 19. Be2 Qg6 20. Bf3 Bxf3 21. Rxf3 e4 22. Rg3 Qe6 23. Bc3 Nf6 24. b3 Nd3 25. Qe2 a5 26. Rg5 h6 27. Rg3 Kh7 28. Bxf6 Qxf6 29. Rh3 Qg6 30. Rh4 Qf6 31. Rh5 g6 32. Rh3 Qe6 33. Rf1 Kg7 34. g4 fxg4 35. Rg3 h5 36. h3 gxh3 37. Kh2 Kh6 38. Rfg1 Rf6 39. Rxh3 Nc5 40. Rg5 Qf7 41. Rg1 Ne6 42. Qg2 Nc5 43. Qg5+ Kh7 44. Rhg3 Nd3 45. Qh4 Kh6 46. Rg5 Kh7 47. Qg3 c6 48. Qg2 d5 49. Qg3 d4 50. f5 Rxf5 51. Rxg6 Rf2+ 52. Kh1 Qf3+ 53. Qxf3 Rxf3 54. Rg7+ Kh8 55. Rg8+ Kh7 56. R8g7+ Kh8 57. Rg8+ 1/2-1/2

[Event "Ljubljana-chT 63rd Superliga"]
[Site "Ljubljana"]
[Date "2010.01.14"]
[Round "2.4"]
[White "Ivanusa, Blaz"]
[Black "Rebernik, Bostjan"]
[Result "1/2-1/2"]
[WhiteElo "2002"]
[BlackElo "2102"]
[PlyCount "24"]
[EventDate "2010.01.07"]
[EventType "team-tourn"]
[EventRounds "9"]
[EventCountry "SLO"]
[SourceTitle "EXT 2022"]
[Source "ChessBase"]
[SourceDate "2021.10.06"]
[SourceVersion "1"]
[SourceVersionDate "2021.10.06"]
[SourceQuality "1"]
[WhiteTeam "Klinicni Center"]
[BlackTeam "Domzale SD"]
[WhiteTeamCountry "SLO"]
[BlackTeamCountry "SLO"]

1. d4 Nf6 2. Bg5 d5 3. Bxf6 exf6 4. e3 c6 5. c4 Qb6 6. Qb3 dxc4 7. Bxc4 Qxb3 8. Bxb3 Be6 9. Bxe6 fxe6 10. Nc3 Nd7 11. 0-0-0 0-0-0 12. Nge2 Bd6 1/2-1/2

[Event "SLO-chT1a West"]
[Site "Ljubljana"]
[Date "2009.10.10"]
[Round "3.4"]
[White "Crepan, Marjan"]
[Black "Ivanusa, Blaz"]
[Result "1-0"]
[WhiteElo "2285"]
[BlackElo "2003"]
[PlyCount "65"]
[EventDate "2009.10.09"]
[EventType "team-tourn"]
[EventRounds "9"]
[EventCountry "SLO"]
[SourceTitle "EXT 2012"]
[Source "ChessBase"]
[SourceDate "2011.11.24"]
[SourceVersion "1"]
[SourceVersionDate "2011.11.24"]
[SourceQuality "1"]
[WhiteTeam "Podpec"]
[BlackTeam "Trebnje BMP"]
[WhiteTeamCountry "SLO"]
[BlackTeamCountry "SLO"]

1. e4 e6 2. d4 d5 3. e5 c5 4. c3 Qb6 5. Nf3 Nc6 6. Bd3 Nh6 7. dxc5 Bxc5 8. 0-0 a5 9. h3 Bd7 10. a4 Rd8 11. g4 Ng8 12. Na3 h5 13. g5 g6 14. Nb5 Nge7 15. b4 axb4 16. a5 Nxa5 17. cxb4 Bxb4 18. Be3 d4 19. Bxd4 Qc6 20. Rc1 Qxb5 21. Bxb5 Bxb5 22. Rb1 Bxf1 23. Qxf1 Nac6 24. Qb5 Rd5 25. Qxb7 Nxd4 26. Nxd4 Rxd4 27. Rxb4 Rxb4 28. Qxb4 Nc8 29. h4 Kd8 30. Qb7 Rf8 31. Kg2 Ne7 32. Qb6+ Kc8 33. Qc5+ 1-0

[Event "Ljubljana-chT"]
[Site "Gostovanja"]
[Date "2009.03.12"]
[Round "9.3"]
[White "Kokol, Peter"]
[Black "Ivanusa, Blaz"]
[Result "1-0"]
[WhiteElo "2332"]
[BlackElo "1975"]
[PlyCount "53"]
[EventDate "2009.01.08"]
[EventType "team-tourn"]
[EventRounds "9"]
[EventCountry "SLO"]
[SourceTitle "EXT 2011"]
[Source "ChessBase"]
[SourceDate "2010.11.26"]
[SourceVersion "1"]
[SourceVersionDate "2010.11.26"]
[SourceQuality "1"]

1. e4 d5 2. exd5 Qxd5 3. Nc3 Qa5 4. d4 c6 5. Nf3 Nf6 6. Bc4 Bf5 7. Qe2 e6 8. Bd2 Bb4 9. a3 Nbd7 10. 0-0-0 Bxc3 11. Bxc3 Qb6 12. h4 h6 13. Ne5 Qc7 14. g4 Nxe5 15. dxe5 Nxg4 16. f3 h5 17. fxg4 Bxg4 18. Qg2 Bxd1 19. Rxd1 g6 20. Bb4 Qxe5 21. Qd2 Qc7 22. Bc3 Rg8 23. Bf6 Rc8 24. Kb1 Ra8 25. Qh6 Qg3 26. Qh7 Rf8 27. Bxe6 1-0

[Event "Ljubljana-chT"]
[Site "Gostovanja"]
[Date "2009.02.19"]
[Round "7.4"]
[White "Ivanusa, Blaz"]
[Black "Skok, Joze"]
[Result "1/2-1/2"]
[WhiteElo "1975"]
[BlackElo "2061"]
[PlyCount "128"]
[EventDate "2009.01.08"]
[EventType "team-tourn"]
[EventRounds "9"]
[EventCountry "SLO"]
[SourceTitle "EXT 2011"]
[Source "ChessBase"]
[SourceDate "2010.11.26"]
[SourceVersion "1"]
[SourceVersionDate "2010.11.26"]
[SourceQuality "1"]

1. d4 Nf6 2. Bg5 Ne4 3. Bf4 d5 4. Nd2 Bf5 5. Nxe4 dxe4 6. e3 e6 7. g4 Bg6 8. h4 h6 9. Bg2 Bd6 10. Ne2 Qe7 11. c3 Nd7 12. Qa4 c6 13. Bxd6 Qxd6 14. Nf4 Bh7 15. 0-0-0 Nb6 16. Qc2 Nd5 17. Bxe4 Nxf4 18. Bxh7 g6 19. exf4 Qxf4+ 20. Kb1 Rxh7 21. h5 Qf6 22. g5 Qxg5 23. Rdg1 Qf5 24. hxg6 fxg6 25. Rxg6 Kf7 26. Rhxh6 Rxh6 27. Rxh6 Rg8 28. Qxf5+ exf5 29. Rh2 Kf6 30. Kc2 Rg7 31. Kd3 Re7 32. f4 Re4 33. Rh4 Ke6 34. c4 b6 35. b4 b5 36. a3 a6 37. Rh6+ Kd7 38. Rh7+ Ke6 39. d5+ cxd5 40. Rh6+ Kd7 41. cxd5 Rxf4 42. Rxa6 Rf1 43. Kd4 f4 44. Ke5 f3 45. Ra7+ Ke8 46. Ke4 f2 47. Kf3 Rd1 48. Kxf2 Rxd5 49. Ke3 Kd8 50. Ke4 Rh5 51. Kd4 Kc8 52. Re7 Rh3 53. Re3 Rh5 54. Re7 Rh3 55. Kc5 Rxa3 56. Kxb5 Rh3 57. Kb6 Rh6+ 58. Ka5 Kb8 59. b5 Rg6 60. Rd7 Rh6 61. Kb4 Rg6 62. Kc5 Rh6 63. b6 Rg6 64. Kb5 Rg1 1/2-1/2

[Event "SLO-chT1 West"]
[Site "Ljubljana"]
[Date "2008.11.21"]
[Round "6.6"]
[White "Loc, Andrej"]
[Black "Ivanusa, Blaz"]
[Result "0-1"]
[WhiteElo "1888"]
[BlackElo "1971"]
[PlyCount "96"]
[EventDate "2008.11.13"]
[EventType "team-tourn"]
[EventRounds "9"]
[EventCountry "SLO"]
[SourceTitle "EXT 2010"]
[Source "ChessBase"]
[SourceDate "2010.11.25"]
[SourceVersion "1"]
[SourceVersionDate "2010.11.25"]
[SourceQuality "1"]
[WhiteTeam "Stari Mayr Kranj"]
[BlackTeam "Trebnje BMP"]
[WhiteTeamCountry "SLO"]
[BlackTeamCountry "SLO"]

1. Nf3 Nf6 2. g3 g6 3. Bg2 Bg7 4. 0-0 0-0 5. c4 c5 6. d4 cxd4 7. Nxd4 Nc6 8. Nc3 Nxd4 9. Qxd4 d6 10. Be3 Ng4 11. Qd2 Nxe3 12. Qxe3 Be6 13. b3 Qa5 14. Rac1 Rab8 15. Rfd1 a6 16. Bd5 Bxd5 17. Rxd5 Qa3 18. Qd2 Rfc8 19. Rc2 Qb4 20. Ne4 Qxd2 21. Rcxd2 f5 22. Ng5 Bf6 23. Nf3 Kf7 24. h3 b5 25. cxb5 axb5 26. Nd4 b4 27. Nf3 Rc1+ 28. Rd1 Rbc8 29. Ne1 Rxd1 30. Rxd1 Bc3 31. Rc1 Ra8 32. Nd3 Rxa2 33. Kf1 e5 34. Rb1 Ke6 35. Nc1 Rc2 36. Nd3 g5 37. Ne1 Ra2 38. Nd3 e4 39. Ne1 f4 40. Ng2 Ke5 41. h4 h6 42. gxf4+ gxf4 43. h5 d5 44. Nh4 d4 45. f3 e3 46. Ng2 d3 47. exd3 e2+ 48. Kg1 Rd2 0-1

[Event "SLO-chT2"]
[Site "Ljubljana"]
[Date "2007.11.16"]
[Round "2.6"]
[White "Skok, Joze"]
[Black "Ivanusa, Blaz"]
[Result "0-1"]
[WhiteElo "2061"]
[BlackElo "1982"]
[PlyCount "114"]
[EventDate "2007.11.15"]
[EventType "team"]
[EventRounds "9"]
[EventCountry "SLO"]
[SourceTitle "CBM 121 Extra"]
[Source "ChessBase"]
[SourceDate "2008.01.10"]
[SourceVersion "1"]
[SourceVersionDate "2008.01.10"]
[SourceQuality "1"]
[WhiteTeam "Domzale"]
[BlackTeam "Trebnje BMP"]
[WhiteTeamCountry "SLO"]
[BlackTeamCountry "SLO"]

1. e4 e6 2. d4 d5 3. Nd2 dxe4 4. Nxe4 Nd7 5. Nf3 Ngf6 6. Bd3 Nxe4 7. Bxe4 Nf6 8. Bg5 Be7 9. Bd3 c5 10. 0-0 h6 11. Bxf6 Bxf6 12. Bb5+ Ke7 13. c3 Qb6 14. Qb3 a6 15. Bc4 Qxb3 16. Bxb3 cxd4 17. cxd4 Bd7 18. Rfe1 Rhd8 19. Rad1 Rac8 20. Ne5 Bc6 21. Nxc6+ bxc6 22. Bc4 Bxd4 23. Bxa6 Ra8 24. Bc4 Bxb2 25. Kf1 Bc3 26. Rxd8 Rxd8 27. Rc1 Bb4 28. Rc2 e5 29. Ke2 f5 30. f3 Rd4 31. Bd3 e4 32. fxe4 fxe4 33. Ba6 Kd6 34. Bb7 c5 35. Ba6 Ke5 36. Ke3 Rd1 37. Be2 Rd4 38. Ba6 g5 39. Be2 Kd5 40. Ba6 c4 41. Bb7+ Ke5 42. Ba6 c3 43. g3 Rd6 44. Bb5 Rf6 45. Ke2 h5 46. a3 Ba5 47. Rc1 h4 48. gxh4 gxh4 49. a4 Rg6 50. Kf1 Kf4 51. Rc2 Ke3 52. Re2+ Kd4 53. Rc2 h3 54. Rc1 Rg2 55. Rd1+ Ke3 56. Re1+ Kd2 57. Bd7 Bb6 0-1

[Event "SLO-chT1 West"]
[Site "Otocec"]
[Date "2006.11.18"]
[Round "3"]
[White "Filip, Matej"]
[Black "Ivanusa, Blaz"]
[Result "1/2-1/2"]
[WhiteElo "2032"]
[BlackElo "2009"]
[PlyCount "72"]
[EventDate "2006.11.16"]
[EventType "team"]
[EventRounds "9"]
[EventCountry "SLO"]
[SourceTitle "EXT 2008"]
[Source "ChessBase"]
[SourceDate "2007.11.25"]
[SourceVersion "1"]
[SourceVersionDate "2007.11.25"]
[SourceQuality "1"]

1. d4 d5 2. c4 e6 3. Nc3 Be7 4. Nf3 Nf6 5. Bg5 0-0 6. e3 h6 7. Bh4 b6 8. cxd5 Nxd5 9. Bxe7 Qxe7 10. Nxd5 exd5 11. Rc1 Be6 12. Qa4 c5 13. Qa3 Rc8 14. dxc5 bxc5 15. Nd4 Qb7 16. Nxe6 fxe6 17. Rxc5 Rxc5 18. Qxc5 Qxb2 19. Qc8+ Kf7 20. Bd3 Qa1+ 21. Ke2 Qxh1 22. Qb7+ Nd7 23. Qxa8 Qxg2 24. Qxa7 Qg4+ 25. Kd2 Qb4+ 26. Kd1 Ke7 27. a4 Kd6 28. Qa6+ Ke5 29. f4+ Kf6 30. Qb5 Qc3 31. Ke2 Nc5 32. f5 Nb3 33. Kf3 Nd2+ 34. Ke2 Nb3 35. Kf3 Nd2+ 36. Ke2 Nb3 1/2-1/2